000 00399nam a2200169Ia 4500
003 LK-CoDNM
005 20240912124848.0
008 010623t xxu||||| |||| 00| 1 eng d
040 _aLK-CoDNM
_dLK-CoDNM
_eLK-CoDNM
041 _aeng
080 _a6
_bQ33
100 _aRotimeyer, L.
245 _aDie Nilgalaweddas in Ceylon I,II,III
300 _b77p. : 30 cm
650 _aVeddas
942 _cBK
999 _c134196
_d134196